Premier League All Time Scorers Quiz - Statistics

General Stats
  • This quiz has been taken 23 times
  • The average score is 7 of 10
Answer Stats
# of Goals Player % Correct
208 Wayne Rooney
100%
260 Alan Shearer
95%
177 Frank Lampard
95%
213 Harry Kane
95%
184 Sergio Aguero
95%
175 Thierry Henry
86%
162 Jermain Defoe
48%
163 Robbie Fowler
43%
187 Andrew Cole
5%
190 Mohamad Salah
0%
No matching quizzes found
Score Distribution
Percent of People with Each Score
Percentile by Number Answered
Your Score History
You have not taken this quiz